Communicating the appraisal : a guide to report writing

Bibliographic Details
Main Author: Foreman, Robert L
Format: Book
Published: Chicago : American Institute of Real Estate Appraisers , 1984
Subjects:

MARC

LEADER 00000cam a2200000 7i4500
001 0000000803
005 20210408.0
020 |a 0911780610 
040 |a INS 
090 0 0 |a HD1387.   |b F76 1984 
100 1 |a Foreman, Robert L 
245 1 0 |a Communicating the appraisal :   |b a guide to report writing   |c Robert L Foreman 
260 |a Chicago :   |b American Institute of Real Estate Appraisers ,   |c 1984 
300 |a 85p :   |b ill ;   |c 27cm. 
650 0 0 |a Real Property   |x Valuation, problem, exercise etc. 
999 |a 0000001469   |b BOOK   |c Open Shelf   |e Default branch